مكتبة جامعة عجلون الوطنية

فهرس بحث المكتبة

اصول التسويق : مدخل تحليلي / (Record no. 33960)

MARC details
000 -LEADER
fixed length control field 00752nam a22002177a 4500
003 - CONTROL NUMBER IDENTIFIER
control field JO-AjAnu
005 - DATE AND TIME OF LATEST TRANSACTION
control field 20250722102039.0
008 - FIXED-LENGTH DATA ELEMENTS--GENERAL INFORMATION
fixed length control field 250722b jo ||||| |||| 00| 0 ara d
020 ## - INTERNATIONAL STANDARD BOOK NUMBER
International Standard Book Number 9789957868727
040 ## - CATALOGING SOURCE
Original cataloging agency JO-AjAnu
Language of cataloging ara
Transcribing agency JO-AjAnu
Modifying agency JO-AjAnu
Description conventions rda
041 ## - LANGUAGE CODE
Language code of text/sound track or separate title ara
Language code of original ara
050 ## - LIBRARY OF CONGRESS CALL NUMBER
Classification number HF5415.M822
Item number 2018
100 #1 - MAIN ENTRY--PERSONAL NAME
Personal name معلا، ناجي
9 (RLIN) 57141
Relator term مؤلف
245 #0 - TITLE STATEMENT
Title اصول التسويق : مدخل تحليلي /
Statement of responsibility, etc. تاليف ناجي معلا
250 ## - EDITION STATEMENT
Edition statement الطبعة الاولى
260 ## - PUBLICATION, DISTRIBUTION, ETC.
Place of publication, distribution, etc. عمان :
Name of publisher, distributor, etc. المؤلف،
Date of publication, distribution, etc. 2018
300 ## - PHYSICAL DESCRIPTION
Extent 376 صفحة
504 ## - BIBLIOGRAPHY, ETC. NOTE
Bibliography, etc. note يحتوي على قائمة مراجع ومسرد مصطلحات
650 70 - SUBJECT ADDED ENTRY--TOPICAL TERM
Topical term or geographic name entry element التسويق، دراسات التسويق
9 (RLIN) 66616
942 ## - ADDED ENTRY ELEMENTS (KOHA)
Source of classification or shelving scheme Library of Congress Classification
Koha item type Books
Suppress in OPAC No
Holdings
Withdrawn status Lost status Source of classification or shelving scheme Damaged status Not for loan Home library Current library Date acquired Total Checkouts Full call number Barcode Date last seen Price effective from Koha item type
    Library of Congress Classification     مكتبة جامعة عجلون الوطنية مكتبة جامعة عجلون الوطنية 22/07/2025   HF5415.M822 2018 a30242 22/07/2025 22/07/2025 Books